Muhammad al-Murr... [inc.]

Podrobná bibliografia
Hlavný autor: Ruppeldtová-Andrášová, Oľga, 1955- (Autor)
Médium: Článok
Jazyk:slovenčina
Predmet:

MARC

LEADER 00000nab a2200000 a 4500
001 vtls000492869
003 SK-MaSNL
005 20260304000646.0
008 230313c1993 xo 0 slo
015 |a SNBRB19rr/mm-uuuuu 
035 |a CL0493007 
035 |a urn:nbn:sk:snk-abbno5 
035 |a (urnnbn)urn:nbn:sk:snk:ar-0049ij 
035 |a (uuid)9b8c7cc3-4ff3-466d-84b0-1e0c400c59ec 
040 |a SNKBUCL  |b slo  |c SNKBUCL  |e AACR2 
041 0 |a slo 
044 |a xo  |c SK 
080 |a 82:929:892.7 (536)  |2 1981 
080 |a 892.7 (536)  |2 1981 
080 |a 929 al-Murr, Muhammad  |2 1981 
100 1 |a Ruppeldtová-Andrášová, Oľga,  |d 1955-  |4 aut  |9 107393 
245 1 0 |a Muhammad al-Murr... [inc.]  |c Oľga Ruppeldtová-Andrášová 
500 |a Na dok. aut. čl. uvedená pod pseud. O. R. 
600 2 7 |a al-Murr, Muhammad  |d 1955-  |x profily  |2 snkbucl  |9 1276459 
655 7 |a články z novín a časopisov  |2 snkbucl  |9 267496 
655 7 |a články z odboru literárna veda a krásna literatúra  |2 snkbucl  |9 770045 
773 0 |t Revue svetovej literatúry  |g Roč. 29, č. 4 (1993), s. 81 
850 |a Slovenská národná knižnica v Martine  |a MTA001 
852 |a SNK  |b KIS3GCP 
958 |a RK 
958 |a BC 
958 |a LX 
958 |a AE 
958 |a OND 
958 |a EUIPO 
958 |a article15 
999 |c 2532339  |d 2534269